Xác suất thống kê
محفوظ في:
| المؤلف الرئيسي: | |
|---|---|
| التنسيق: | كتاب |
| اللغة: | Vietnamese |
| منشور في: |
Đại học Quốc gia Hà Nội
1999
|
| الوسوم: |
إضافة وسم
لا توجد وسوم, كن أول من يضع وسما على هذه التسجيلة!
|
| Thư viện lưu trữ: | Mạng thư viện Đại học Đà Nẵng |
|---|
| LEADER | 00629nam a2200253 4500 | ||
|---|---|---|---|
| 001 | 000021114 | ||
| 003 | 17561 | ||
| 005 | 20150403150415.0 | ||
| 008 | 150403s1999 viesd | ||
| 020 | |c 19500 | ||
| 041 | 0 | |a vie | |
| 082 | 1 | 4 | |a 310 |b ĐA-H |
| 100 | 1 | |a Đào Hữu Hồ | |
| 245 | 1 | 0 | |a Xác suất thống kê |c Đào Hữu Hồ |
| 260 | |b Đại học Quốc gia Hà Nội |c 1999 | ||
| 300 | |a tr. |c cm. | ||
| OWN | |a LSP | ||
| 999 | |a From the UDN01 | ||
| TYP | |a Monograph | ||
| TYP | |a Printed language | ||
| 980 | |a Mạng thư viện Đại học Đà Nẵng | ||